Truyện cổ dân tộc Thái
Giới thiệu 23 truyện cổ dân tộc Thái về các nhân vật truyền thuyết, về con vật,...
Sparad:
| Materialtyp: | Bok |
|---|---|
| Språk: | Undetermined |
| Publicerad: |
Hà Nội
Hội nhà văn
2018
|
| Ämnen: | |
| Taggar: |
Lägg till en tagg
Inga taggar, Lägg till första taggen!
|
| Thư viện lưu trữ: | Trung tâm Học liệu Trường Đại học Cần Thơ |
|---|
| LEADER | 00718nam a2200181Ia 4500 | ||
|---|---|---|---|
| 001 | CTU_236035 | ||
| 008 | 210402s9999 xx 000 0 und d | ||
| 082 | |a 398.209597 | ||
| 082 | |b Tr527 | ||
| 245 | 0 | |a Truyện cổ dân tộc Thái | |
| 245 | 0 | |c Lò Văn Sỹ, Đinh Văn Lành, Tòng Ín (Sưu tầm) | |
| 260 | |a Hà Nội | ||
| 260 | |b Hội nhà văn | ||
| 260 | |c 2018 | ||
| 520 | |a Giới thiệu 23 truyện cổ dân tộc Thái về các nhân vật truyền thuyết, về con vật,... | ||
| 650 | |a Văn học dân gian, người Việt,Folk literature, Vietnamese | ||
| 910 | |b nthai | ||
| 980 | |a Trung tâm Học liệu Trường Đại học Cần Thơ | ||